Las bases sociales de la economía española
Gardado en:
| Autor Principal: | |
|---|---|
| Formato: | Libro |
| Idioma: | Lingua castelá |
| Publicado: |
Valencia
Universitat de València
1997
|
| Series: | Col-Lecció Oberta
|
| Subjects: | |
| Tags: |
Engadir etiqueta
Sen Etiquetas, Sexa o primeiro en etiquetar este rexistro!
|
MARC
| LEADER | 00000nam a2200000 a 4500 | ||
|---|---|---|---|
| 001 | UCN6930 | ||
| 003 | CL-VaPUC | ||
| 008 | 011005e19970000SP |||||||||||||||||spa|d | ||
| 082 | 0 | 4 | |a 330.946 |b DUR |2 21 |
| 100 | 0 | |a Durán, María Angeles |e author |9 462719 | |
| 245 | 1 | 4 | |a Las bases sociales de la economía española |
| 300 | |a 154 p | ||
| 942 | |c BK | ||
| 945 | |d 20011005 00:00:00 |a crobeson | ||
| 260 | |a Valencia |b Universitat de València |c 1997 | ||
| 650 | 7 | |a ECONOMIA ESPAÑOLA |2 CL-VaPUC |9 314036 | |
| 650 | 7 | |a SISTEMAS ECONOMICOS |2 CL-VaPUC |9 462720 | |
| 650 | 0 | |a Desarrollo económico y social |9 256320 | |
| 650 | 0 | |a Políticas económicas |9 353940 | |
| 583 | |a last modification |c 20011005 00:00:00 |k Rodrigo Vera | ||
| 490 | 0 | |a Col-Lecció Oberta | |
| 999 | |c 297486 |d 297484 | ||
| 952 | |0 0 |1 0 |4 0 |6 330_946000000000000_DUR_1997 |7 0 |8 A |9 352267 |a BIBGIM |b BIBGIM |d 2019-11-21 |i 375152K |o 330.946 DUR 1997 |p 375152K |r 2025-01-15 |w 2019-11-21 |y BK |k GIM | ||